000 00653nam a2200217Ii 4500
001 7530
003 CO-ViMGA
008 241108s9999||||xx |||||||||||||| ||und||
020 _a9589028357
040 _aCO-ViMGA
_bspa
_erda
_cCO-ViMGA
041 0 _aunk
082 0 4 _a986.86134-L864
100 1 _aJaime Lopera Gutíerrez
_955220
245 1 0 _a<La> colonización del Quindio
264 1 _a[Lugar de publicación no identificado] : Banco de la república, 1986
300 _avolumen
336 _atext
_btxt
_2rdacontent
337 _aunmediated
_bn
_2rdamedia
338 _avolume
_bnc
_2rdacarrier
940 _aidficha_siabuc: 7357. -- ficha_no_siabuc:7530
999 _c52665
_d52665